<The> CTC (Centre on Transnational Corporations) Reporter

Guardado en:
Detalles Bibliográficos
Formato: Seriadas
Lenguaje:inglés
Publicado: New York United Nations 1987
Etiquetas: Agregar Etiqueta
Sin Etiquetas, Sea el primero en etiquetar este registro!

MARC

LEADER 00000nas2a2200000 4500
001 s030736
005 20250730114140.9
041 0 |a eng 
044 |a US 
245 1 0 |a <The> CTC (Centre on Transnational Corporations) Reporter 
264 1 |a New York  |b United Nations  |c 1987 
300 |a 1 zv. 
773 0 |w eu_un_cat*s120437